00592nam a2200169Ia 4500001000600000003000500006008004100011010001100052040000900063100003400072245012200106260004100228300001600269502008000285650002300365650003400388Z_378CHAP220113s1968 xx 000 0 und d a163354 cCHAP aDíaz Marín, Luis Fernando aEl ensilado de maguey en la manutención del ganado ovino en el Edo. de Hidalgo /cpor Luis Fernando Díaz Marín aChapingo, Méx. :bEl autor,c1968 a29 p. ilus. aTesis (Ing. Agrónomo Esp. en Zootecnia) -- ENA. Departamento de Zootecnia aAgave como forraje aGanado LanarxAlimentación